| 000 | 01223nam a22003251 4500 | ||
|---|---|---|---|
| 001 | bslw10044329 | ||
| 005 | 20240305165648.0 | ||
| 006 | m o d | ||
| 007 | cr un ---uuuua | ||
| 008 | 230412s2012 sp ob 000 0 spa d | ||
| 020 | _a9788413816012 | ||
| 035 | _a38190 | ||
| 040 |
_aUtOrBLW _beng _erda _cUtOrBLW |
||
| 050 | 4 |
_aK5018 _b.D4 2012 |
|
| 082 | 0 | 4 |
_a345.001 _223 |
| 100 | 1 |
_aDe Maglie, Cristina, _eauthor. |
|
| 245 | 1 | 4 |
_aLos delitos culturalmente motivados : _bideologías y modelos penals / _cCristina De Maglie ; traducción e introducción de Víctor Manuel Macías Caro. |
| 264 | 1 |
_aMadrid : _bMarcial Pons, _c2012. |
|
| 300 | _a1 online resource (303 pages) | ||
| 336 |
_atext _btxt _2rdacontent |
||
| 337 |
_acomputer _bc _2rdamedia |
||
| 338 |
_aonline resource _bcr _2rdacarrier |
||
| 490 | 1 | _aColección Derecho penal y criminología | |
| 504 | _aIncludes bibliographical references. | ||
| 650 | 0 |
_aCriminal justice, Administration of _xMoral and ethical aspects. |
|
| 700 | 1 |
_aMacías Caro, Víctor Manuel, _ewriter of introduction, _etranslator. |
|
| 830 | 0 | _aDerecho penal y criminología (Marcial Pons (Firm)) | |
| 856 | 4 | 0 | _uhttps://app.vlex.com/#/sources/38190 |
| 942 | _cRAA | ||
| 999 |
_c172597 _d172597 |
||